| 000 | 00386nam a2200145Ia 4500 | ||
|---|---|---|---|
| 008 | 230917s9999||||xx |||||||||||||| ||und|| | ||
| 040 |
_e40404 _aMAIN |
||
| 041 | _aEnglish | ||
| 082 | _a822.09 D29C | ||
| 100 | _aDavison, Peter | ||
| 245 | 0 | _aContemporary drama and the popular dramatic tradition in England | |
| 260 |
_aLondon _bMacmillan _c1982 |
||
| 300 | _axi, 193 p. | ||
| 942 | _cBK | ||
| 999 |
_c39919 _d39919 |
||